Singer / Actor - Statistics

General Stats
  • This quiz has been taken 21 times
  • The average score is 11 of 15
Answer Stats
Picture Answer % Correct
Justin Timberlake
100%
Will Smith
95%
Harry Styles
89%
Rihanna
84%
Selena Gomez
84%
Beyoncé
79%
Ice Cube
79%
Idris Elba
79%
Jamie Foxx
79%
Nick Jonas
68%
Jared Leto
58%
Jennifer Hudson
58%
Zendaya
58%
Rita Ora
32%
Janelle Monáe
16%
No matching quizzes found
Score Distribution
Percent of People with Each Score
Percentile by Number Answered
Your Score History
You have not taken this quiz